| 000 | 01632nam0a22002891 4500 | ||
|---|---|---|---|
| 001 | rc\3519608 | ||
| 005 | 20250610013853.0 | ||
| 035 | _a(NLR Aleph) 007622680 | ||
| 090 |
_a5937222 _c5937222 |
||
| 100 | _a20130115d1969 |||y0rusy50 ca | ||
| 101 | 0 | _arus | |
| 102 | _aRU | ||
| 105 | _ay z ||||| | ||
| 200 | 1 |
_aПоточная технология подземной добычи руды с применением самоходного оборудования и возможности перевода на нее рудников горной Шории и Хакасии _fАН СССР. Сиб. отд-ние. Ин-т экономики и организации пром. производства СО АН СССР. Совет по изучению производ. сил при Госплане СССР. Центр. экон. науч.-исслед. ин-т при Госплане РСФСР |
|
| 210 |
_aНовосибирск _cБ. и. _d1969 |
||
| 215 |
_a11 с. _d20 |
||
| 225 | 1 |
_aРазвитие и размещение производственных сил Сибири _eМатериалы науч. конференции. 19-23 мая 1969 г. _fСекция черной металлургии |
|
| 300 | _aОписано по 1-й с. | ||
| 300 | _aНа обл. только загл. серии | ||
| 333 | _aДля служебного пользования | ||
| 700 | 1 |
_aБурмин _bГ.М. _gГригорий Михайлович |
|
| 701 | 1 |
_aКожемяков _bВ.В. |
|
| 801 | 0 |
_aRU _bNLR _gpsbo |
|
| 801 | 1 |
_aRU _bELAR _2rusmarc |
|
| 852 |
_aNLR _j50к/20505 |
||
| 942 | _cBOOK | ||
| 980 | _aNB | ||